000 00293nam a2200121Ia 4500
005 20260328104304.0
008 260328s9999||||xx |||||||||||||| ||und||
100 _aSilva, Osvaldo
245 0 _aPrehistoria de América /
_cOsvaldo Silva
300 _a272 p.
650 _aAMERICA
942 _cBK
999 _c10714
_d10714